Supreme Court on Children/ (Record no. 202853)
[ view plain ]
| 000 -LEADER | |
|---|---|
| fixed length control field | 00552 a2200193 4500 |
| 005 - DATE AND TIME OF LATEST TRANSACTION | |
| control field | 20240515112226.0 |
| 010 ## - LCCN (DPL NO) | |
| LC control number | B-759025 |
| 020 ## - INTERNATIONAL STANDARD BOOK NUMBER | |
| International Standard Book Number | 8189479067 |
| Terms of availability | 200.00 |
| 035 ## - SYSTEM CONTROL NUMBER | |
| System control number | B-759025 |
| 037 ## - SOURCE OF ACQUISITION | |
| Source of stock number/acquisition | Gift/Unesco |
| 082 ## - DEWEY DECIMAL CLASSIFICATION NUMBER | |
| Classification number | 342.7308 |
| 245 ## - TITLE STATEMENT | |
| Title | Supreme Court on Children/ |
| Statement of responsibility, etc | Edited by - Aparna Bhat |
| 260 ## - PUBLICATION, DISTRIBUTION, ETC. (IMPRINT) | |
| Place of publication, distribution, etc | New Delhi |
| Name of publisher, distributor, etc | SLI Centre |
| Date of publication, distribution, etc | 2005 |
| 270 ## - ADDRESS | |
| City | New Delhi |
| 300 ## - PHYSICAL DESCRIPTION | |
| Extent | 598 p. |
| Dimensions | 22cm (Pb) |
| 700 ## - ADDED ENTRY--PERSONAL NAME | |
| Personal name | Bhat, Aparna |
| 9 (RLIN) | 66190 |
| 942 ## - ADDED ENTRY ELEMENTS (KOHA) | |
| Institution code [OBSOLETE] | dpl |
| Item type | English Books |
| Source of classification or shelving scheme | Dewey Decimal Classification |
| Classification part | 342.7308 |
| Call number suffix | SUP |
| Withdrawn status | Lost status | Not for loan | Collection code | Home library | Current library | Date acquired | Source of acquisition | Cost, normal purchase price | Full call number | Barcode | Copy number | Cost, replacement price | Koha item type | Public note |
|---|---|---|---|---|---|---|---|---|---|---|---|---|---|---|
| Non-fiction | Vinoba Puri | Vinoba Puri | 15/05/2024 | Gift/10.5.24 | 200.00 | 342.7308 SUP | B-759025 | 1 | 200.00 | English Books | Gift |
